LDR 01185nam a2200289 i 4500 001 000000186047 003 CaOOAMICUS 005 20260427145301.0 008 150921n it u000 u ita u 013 $a164093 040 $aSeMil$bita 100 1 $aD'Annunzio, Gabriele,$d<1863-1938>.$0(OLS)http://semarc/name/1300 245 10$aPoesie, teatro, prose /$cGabriele D'Annunzio ; a cura di Mario Praz, Ferdinando Gerra. 260 $aNapoli :$bRicciardi,$cstampa 1966. 300 $aXLVII, 1236 p. ;$c23 cm. 490 0 $aLa letteratura italiana : storia e testi ;$vVolume62 500 $aIn custodia 700 1 $aPraz, Mario,$d<1896-1982>.$0(OLS)http://semarc/name/89995 700 1 $aGerra, Ferdinando.$0(OLS)http://semarc/name/18117 830 3$aLa letteratura italiana : storia e testi ;$v62.$0(OLS)http://semarc/title/220 850 $aSeMil 852 $aSeMil$W1$xVenegono$y1$m3GC VIII 199$j136734$B136734$CSeMilBibl$Z2$F148293 $8B 941 1 $a3 961 $aLascito: Colombo Card. Giovanni 996 $6245$aPoesie, teatro, prose$9(OLS)http://semarc/title/267410 996 $6260$aNapoli :$bRicciardi$9(OLS)http://semarc/publisher/35225